[Event "AUTO-ADV-3685"]
[Site "http://www.queenalice.com/game.php?id=1435524"]
[Date "2016.8.10"]
[Round "1"]
[White "J_R_Ewing"]
[Black "Nias"]
[Result "0-1"]
[WhiteElo "1694"]
[BlackElo "1811"]

1. e4 e5 2. Nf3 Qf6 3. Bd3 Bc5 4. c3 g5 5. b4 Bb6 6. Bb2 g4 7. c4 gxf3 8. Qxf3
Qxf3 9. gxf3 a6 10. Bxe5 f6 11. Bf4 d6 12. Nc3 Bd4 13. O-O-O Bxf2 14. Nd5 Kd8
15. c5 Kd7 16. cxd6 Nc6 17. Nxc7 Rb8 18. b5 Nb4 19. Bc4 Kd8 20. Rhf1 Bb6 0-1

[Event "AUTO-ADV-3685"]
[Site "http://www.queenalice.com/game.php?id=1435531"]
[Date "2016.8.10"]
[Round "1"]
[White "szachowymag"]
[Black "J_R_Ewing"]
[Result "1-0"]
[WhiteElo "1892"]
[BlackElo "1694"]

1. e4 e5 2. Nf3 f6 3. Nxe5 fxe5 4. Qh5+ g6 5. Qxe5+ Ne7 6. Qxh8 c5 7. Bc4 Qb6 8.
d3 d6 9. Nc3 h5 10. Bh6 Qxb2 11. O-O Nd7 12. Bb3 b5 13. Rab1 Qa3 14. Nxb5 Qa5
15. Nxd6+ Kd8 16. Nc4 Qc7 17. Bxf8 Nxf8 18. Qxf8+ Kd7 19. f4 Bb7 20. Ne5+ Qxe5
21. fxe5 Rxf8 22. Rxf8 Bc8 23. Rbf1 g5 24. R1f7 Bb7 25. e6+ Kd6 26. Rd8+ Kc7 27.
Rd7+ 1-0

[Event "AUTO-ADV-3685"]
[Site "http://www.queenalice.com/game.php?id=1435532"]
[Date "2016.8.10"]
[Round "1"]
[White "J_R_Ewing"]
[Black "szachowymag"]
[Result "0-1"]
[WhiteElo "1704"]
[BlackElo "1839"]

1. e4 e6 2. Nf3 d5 3. c3 dxe4 4. Qa4+ Bd7 5. Qxe4 Bc6 6. Qc2 Bxf3 7. gxf3 Nf6 8.
Bg2 Nc6 9. b4 Nd5 10. Qa4 Nf4 11. Bf1 Nd3+ 12. Bxd3 Qxd3 13. b5 Qxf3 14. Rf1 Ne5
15. Qd1 Nd3# 0-1

[Event "AUTO-INT-3199"]
[Site "http://www.queenalice.com/game.php?id=1452851"]
[Date "2016.12.1"]
[Round "1"]
[White "J_R_Ewing"]
[Black "fracasso"]
[Result "0-1"]
[WhiteElo "1620"]
[BlackElo "1539"]

1. e4 e5 2. Nf3 Nc6 3. c3 d6 4. Bc4 Be6 5. Qa4 a6 6. Bxe6 fxe6 7. Ng5 Qxg5 8. g3
O-O-O 9. O-O d5 10. d3 Qf6 0-1

[Event "AUTO-INT-3199"]
[Site "http://www.queenalice.com/game.php?id=1452862"]
[Date "2016.12.1"]
[Round "1"]
[White "DAN1958"]
[Black "J_R_Ewing"]
[Result "1-0"]
[WhiteElo "1595"]
[BlackElo "1601"]

1. e4 e5 2. d3 Nf6 3. Nf3 d6 4. Nc3 c6 5. Be3 b5 6. h3 Bb7 7. a3 a5 8. Ne2 c5 9.
Nc3 Bc6 10. g4 Nbd7 11. Ng5 c4 12. dxc4 1-0

[Event "AUTO-INT-3199"]
[Site "http://www.queenalice.com/game.php?id=1452863"]
[Date "2016.12.1"]
[Round "1"]
[White "J_R_Ewing"]
[Black "DAN1958"]
[Result "0-1"]
[WhiteElo "1585"]
[BlackElo "1611"]

1. e4 e5 2. Nf3 d6 3. c3 h6 4. Qa4+ Nc6 5. Bb5 a6 6. Bxc6+ Bd7 7. Bxd7+ Qxd7 8.
Qb4 Rb8 9. Qc4 Qc6 10. d3 Qxc4 11. dxc4 Nf6 0-1

[Event "Challenge"]
[Site "http://www.queenalice.com/game.php?id=1474983"]
[Date "2017.4.24"]
[Round "-"]
[White "J_R_Ewing"]
[Black "mvson33"]
[Result "1-0"]
[WhiteElo "1533"]
[BlackElo "1843"]

1. e4 e5 2. Qh5 d6 3. Qf3 Nf6 4. b3 Be7 5. Nc3 O-O 6. Bc4 Nc6 7. Nge2 Bg4 8. Qg3
Na5 9. Bd5 Bxe2 10. Nxe2 c6 11. Bc4 Nxc4 12. bxc4 Re8 13. d4 exd4 14. Nxd4 Nxe4
15. Qg4 Nf6 16. Qf3 d5 17. cxd5 Nxd5 18. O-O Nf6 19. Bb2 Qd5 20. Qg3 Kh8 21.
Rae1 Bd6 22. f4 Bc5 23. Rd1 Bxd4+ 24. Rxd4 Qc5 25. h4 Rad8 26. Rd1 Rxd4 27. Bxd4
Qxc2 28. Ra1 Rg8 29. Bxa7 Qb2 30. Re1 Qxa2 31. Bd4 Qd2 32. Be3 Qd7 33. f5 Qxf5
34. Qc7 Qb5 35. Qxf7 c5 36. Bh6 Qc6 37. Re6 Qd5 38. Bxg7+ 1-0

[Event "Challenge"]
[Site "http://www.queenalice.com/game.php?id=1474984"]
[Date "2017.4.24"]
[Round "-"]
[White "mvson33"]
[Black "J_R_Ewing"]
[Result "1-0"]
[WhiteElo "1709"]
[BlackElo "1552"]

1. e4 e5 2. Nf3 f6 3. d4 Bb4+ 4. c3 Bd6 5. Bc4 c6 6. dxe5 fxe5 7. Qxd6 Qe7 8.
Qxe7+ Nxe7 9. Nxe5 b5 10. Bf7+ Kf8 11. Bb3 d6 12. Nf7 Rg8 13. Nxd6 Rh8 14. Nxc8
Nxc8 15. O-O a5 16. Bf4 Nd7 17. Nd2 a4 18. Bc2 Rg8 19. Nf3 Ncb6 20. Rad1 Ke8 21.
Rd6 Rc8 22. Rfd1 Nc5 23. Be3 Nbd7 24. Bxc5 Nxc5 25. e5 Rf8 26. Bxh7 Ke7 27. Bg6
Nd7 28. Rxd7+ 1-0

[Event "Challenge"]
[Site "http://www.queenalice.com/game.php?id=1474985"]
[Date "2017.4.24"]
[Round "-"]
[White "mvson33"]
[Black "J_R_Ewing"]
[Result "1-0"]
[WhiteElo "1720"]
[BlackElo "1542"]

1. e4 e5 2. Nf3 f6 3. d4 Bb4+ 4. c3 Bd6 5. dxe5 fxe5 6. Bc4 c6 7. Qxd6 Qe7 8.
Qxe7+ Nxe7 9. Nxe5 b5 10. Bf7+ Kf8 11. Bb3 d6 12. Nf7 Rg8 13. Nxd6 Rh8 14. Nxc8
Nxc8 15. O-O a5 16. Bf4 Nd7 17. Nd2 h6 18. Bc2 g5 19. Be3 Ne7 20. h3 c5 21. Nf3
c4 22. Rad1 Nf6 23. e5 Ne4 24. Bxe4 Rc8 25. Rd7 Ke8 26. Rd6 Kf7 27. Rfd1 Rhg8
28. Rd7 Ke6 29. R1d6+ Kf7 30. Bd5+ Ke8 31. Bxg8 1-0

[Event "AUTO-INT-3283"]
[Site "http://www.queenalice.com/game.php?id=1496736"]
[Date "2017.9.28"]
[Round "1"]
[White "J_R_Ewing"]
[Black "poeleabois"]
[Result "0-1"]
[WhiteElo "1510"]
[BlackElo "1698"]

1. e4 e5 2. Nc3 Nf6 3. d3 Nc6 4. Nf3 Bb4 5. a3 Bxc3+ 6. bxc3 h6 7. Bb2 O-O 8. c4
d6 9. h4 Bg4 10. Be2 a6 11. Qd2 Qe7 12. Nh2 Bxe2 13. Qxe2 Rae8 14. g4 Nd4 0-1

[Event "AUTO-INT-3283"]
[Site "http://www.queenalice.com/game.php?id=1496737"]
[Date "2017.9.28"]
[Round "1"]
[White "poeleabois"]
[Black "J_R_Ewing"]
[Result "1-0"]
[WhiteElo "1689"]
[BlackElo "1519"]

1. e4 e5 2. Nf3 d6 3. d3 f6 4. Nc3 Nc6 5. h3 h6 6. Be2 b6 7. a3 a5 8. O-O Ba6 9.
Be3 b5 10. d4 exd4 11. Nxd4 Nxd4 12. Bxd4 c6 13. Bf3 b4 14. Ne2 1-0

[Event "AUTO-INT-3283"]
[Site "http://www.queenalice.com/game.php?id=1496738"]
[Date "2017.9.28"]
[Round "1"]
[White "J_R_Ewing"]
[Black "TITAN10"]
[Result "0-1"]
[WhiteElo "1561"]
[BlackElo "2093"]

1. e4 c5 2. Nc3 d6 3. Bb5+ Bd7 4. Nf3 a6 5. Bxd7+ Nxd7 6. b3 Ngf6 7. h4 e6 8. h5
h6 9. Bb2 b5 10. Ne2 Be7 11. Ng3 Qb6 12. Qe2 e5 13. Nf5 Bf8 14. O-O-O g6 15. Ng3
O-O-O 16. hxg6 fxg6 17. Nh4 Rg8 18. Qf3 Be7 19. d3 Rdf8 20. Qe3 Ng4 21. Qe2 Nxf2
22. Rdf1 Nxh1 23. Rxf8+ Rxf8 24. Nxh1 Bxh4 25. g3 Bg5+ 26. Kb1 b4 0-1

[Event "AUTO-INT-3283"]
[Site "http://www.queenalice.com/game.php?id=1496739"]
[Date "2017.9.28"]
[Round "1"]
[White "TITAN10"]
[Black "J_R_Ewing"]
[Result "1-0"]
[WhiteElo "2095"]
[BlackElo "1559"]

1. e4 e5 2. Nf3 d6 3. h3 g6 4. d4 Nc6 5. Bb5 a6 6. Bxc6+ bxc6 7. dxe5 dxe5 8.
Qxd8+ Kxd8 9. O-O Nf6 10. Nxe5 Be6 11. Bg5 Ke7 12. Nxc6+ Kd7 13. Bxf6 Bc4 14.
Ne5+ Ke6 15. Nxc4 Kxf6 16. a3 Rb8 17. b4 h5 18. Nc3 Ke6 19. Rad1 Bg7 20. Ne2 Bh6
21. f4 Rb5 22. f5+ gxf5 23. exf5+ Kf6 24. Rd7 Rb7 25. c3 Re8 26. Nd4 1-0

[Event "AUTO-INT-3283"]
[Site "http://www.queenalice.com/game.php?id=1496740"]
[Date "2017.9.28"]
[Round "1"]
[White "J_R_Ewing"]
[Black "fracasso"]
[Result "0-1"]
[WhiteElo "1537"]
[BlackElo "1485"]

1. e4 e5 2. Nf3 Nc6 3. c3 Nf6 4. g3 Nxe4 5. d3 Nc5 6. b4 Ne6 7. Bg2 f6 8. Nbd2
d5 9. b5 Na5 10. a4 c6 11. Nh4 g5 12. Qh5+ Kd7 13. Qf7+ Be7 14. Ba3 Re8 15. Nf5
c5 16. Bxd5 Kc7 17. Ne4 Kb8 18. Rb1 Qxd5 19. Nxe7 Rxe7 20. Qxe7 Qxd3 21. Nxc5
Qxc3+ 22. Kf1 Qxa3 23. Nd7+ Bxd7 24. Qxa3 Kc8 25. Qe7 Nc7 0-1

[Event "AUTO-INT-3283"]
[Site "http://www.queenalice.com/game.php?id=1496741"]
[Date "2017.9.28"]
[Round "1"]
[White "fracasso"]
[Black "J_R_Ewing"]
[Result "1-0"]
[WhiteElo "1465"]
[BlackElo "1557"]

1. e4 e5 2. Nf3 Nf6 3. d4 Nxe4 4. Bd3 Nd6 5. dxe5 Qe7 6. O-O g5 7. Bxg5 Qe6 8.
Nc3 h6 9. Bf4 Rg8 10. Re1 Nf5 11. h3 Bc5 12. g4 Nd4 13. Ne4 b6 14. c3 Nxf3+ 15.
Qxf3 Bb7 16. b4 Be7 17. Qe3 a5 18. Bxh6 Qxe5 19. Bf4 Qxc3 20. Rac1 Qxb4 21. Rxc7
f5 22. Nf6+ Kf7 23. Nxg8 Kxg8 24. Rxb7 Nc6 25. Bxf5 Bc5 26. Be6+ 1-0

[Event "Challenge"]
[Site "http://www.queenalice.com/game.php?id=1503646"]
[Date "2017.11.14"]
[Round "-"]
[White "J_R_Ewing"]
[Black "colonelkurtz"]
[Result "0-1"]
[WhiteElo "1502"]
[BlackElo "1462"]

1. e4 b6 2. b3 Bb7 3. Nc3 Nf6 4. f3 g6 5. Nh3 Bh6 6. d4 Bxc1 7. Qxc1 d5 8. Bb5+
c6 9. Bd3 Qd6 10. f4 Qb4 11. Qd2 Qxd4 12. O-O-O O-O 13. Rhe1 c5 14. e5 Ng4 15.
g3 c4 16. Nb5 Qa1# 0-1